000 00952nac a22002777a 4500
001 BR7800299
003 BR-BrBNA
005 20240105114158.0
008 230509b bl.|||m| |||| 00| 0 por d
040 _aBR-BrBNA
_bpor
_cBiblioteca Nacional de Agricultura
072 _aF30
090 _a0150 BR7800299
100 1 _aAmorim Neto, S.
100 1 _aMachado, M.O.
100 1 _aMondardo, E.
110 1 _aEmpresa Catarinense de Pesquisa Agropecuaria S.A., Florianopolis, SC (Brasil)
245 1 _aRecomendacao de arroz irrigado para o Estado de Santa Catarina, safra 1977/78 [Brasil]
260 3 _aFlorianopolis, SC (Brasil):
_c1977.
300 _a11 p.
490 _aIndicacao da Pesquisa - Empresa Catarinense de Pesquisa Agropecuaria S.A. (Brazil)
_vno. 20
_xISSN 0100-3401
650 _aVARIEDADE
650 _aARROZ IRRIGADO
650 _aSANTA CATARINA
909 _a202312
_bLúcia Elande
_c55
_dLúcia Elande
942 _2AGRIS
_n0
_cMS
999 _c267835
_d267835